000 00871nam a2200265 i 4500
001 23196
003 KOSZ 005
005 20240405063033.0
008 961010s1983 pl f |000 0 pol d
040 _cKOSZ 005
_aKOSZ 005
_dKOSZ 005/HR
041 _apol
046 _k1983
080 _a012
080 _a378.4/.6:62(438)
245 0 _aPublikacje pracowników Wyższej Szkoły Inżynierskiej w Koszalinie :
_bBibliografia 1968-1980.
260 _aKoszalin,
_c1983.
610 2 _aWyższa Szkoła Inżynierska (Koszalin)
648 7 _a1901-2000
648 7 _a1945-1989
650 7 _aPracownicy naukowi
655 7 _aBibliografia osobowa
658 _aBibliotekarstwo, archiwistyka, muzealnictwo
856 _uhttp://koha.tu.koszalin.pl/cgi-bin/koha/opac-detail.pl?biblionumber=23196
_yKatalog online BPK
942 _cKS
_2UKD
999 _c23196
_d23196